| 000 | 00944nam a2200373 a 4500 | ||
|---|---|---|---|
| 003 | AR-BaBNM | ||
| 005 | 20251128203428.0 | ||
| 008 | 082120s2002 ||||||||||||||000 | spa|| | ||
| 040 | _cAR-BaBNM | ||
| 100 | 1 | _aRyan, John A. | |
| 245 | 0 | 0 | _aJusticia distributiva |
| 260 |
_aBuenos Aires _bPoblet _c1950 |
||
| 300 | _a380 p. | ||
| 490 | 0 | _aBiblioteca de Economía Social | |
| 500 | _aIncluye índice analítico en página 369 | ||
| 650 | 4 | _aECONOMIA | |
| 650 | 4 | _aPROPIEDAD PRIVADA | |
| 650 | 4 | _aPROPIEDAD PUBLICA | |
| 650 | 4 | _aCAPITAL | |
| 650 | 4 | _aINTERES | |
| 650 | 4 | _aSOCIALISMO | |
| 650 | 4 | _aCAPITALISMO | |
| 650 | 4 | _aCOOPERATIVAS | |
| 650 | 4 | _aGANANCIAS | |
| 650 | 4 | _aDISTRIBUCION DE INGRESOS | |
| 650 | 4 | _aCOMPETENCIA ECONOMICA | |
| 650 | 4 | _aMERCADOS | |
| 650 | 4 | _aMONOPOLIOS | |
| 650 | 4 | _aSALARIOS | |
| 800 | 1 | _aMoyano Llerena, Carlos | |
| 800 | 1 | _aGarcía Mata, Rafael | |
| 942 | _cBK | ||
| 998 | _claura | ||
| 999 |
_c3350 _d3350 |
||